[Event "Ghent Eastman op 42nd"]
[Site "Ghent"]
[Date "2019.07.21"]
[Round "4"]
[White "Vandelacluze, Ian"]
[Black "Van der Leij, Arjan GC"]
[Result "1/2-1/2"]
[WhiteElo "2170"]
[BlackElo "2061"]
[PlyCount "92"]
[EventDate "2019.07.20"]
[EventType "swiss"]
[EventRounds "9"]
[EventCountry "BEL"]
[SourceTitle "CBM 191 Extra"]
[Source "ChessBase"]
[SourceDate "2019.09.30"]
[SourceVersion "1"]
[SourceVersionDate "2019.09.30"]
[SourceQuality "1"]

1. c4 e6 2. Nc3 d5 3. e3 Nf6 4. Nf3 c5 5. cxd5 exd5 6. d4 Nc6 7. Be2 Be7 8. 0-0 0-0 9. b3 Be6 10. dxc5 Bxc5 11. Nb5 Qe7 12. a3 Rac8 13. Bb2 a6 14. Nbd4 Bd6 15. b4 Ne4 16. Rc1 Nb8 17. Nb3 Rxc1 18. Qxc1 Rc8 19. Qa1 f6 20. Rc1 Qd7 21. Nfd4 Nc6 22. Nxc6 Rxc6 23. Nd4 Rxc1+ 24. Qxc1 Bf7 25. f3 Ng5 26. h4 Ne6 27. Nxe6 Bxe6 28. Kf2 Qc7 29. Qxc7 Bxc7 30. Bd4 Kf7 31. Bd3 h6 32. Bc2 Bd6 33. Bb3 Ke7 34. f4 a5 35. Bc3 axb4 36. axb4 d4 37. Bxe6 dxc3 38. Bb3 Bxb4 39. e4 Kd6 40. Ke3 Ba3 41. Kd4 Bc5+ 42. Kxc3 Be3 43. f5 Ke5 44. Bd5 b6 45. h5 Kf4 46. Kc4 Ke5 1/2-1/2

[Event "Groningen op-A 54th"]
[Site "Groningen"]
[Date "2016.12.21"]
[Round "1"]
[White "Vandelacluze, Ian"]
[Black "Zwirs, Nico"]
[Result "0-1"]
[WhiteElo "2111"]
[BlackElo "2388"]
[PlyCount "48"]
[EventDate "2016.12.21"]
[EventType "swiss"]
[EventRounds "9"]
[EventCountry "NED"]
[SourceTitle "EXT 2018"]
[Source "ChessBase"]
[SourceDate "2017.10.13"]
[SourceVersion "1"]
[SourceVersionDate "2017.10.13"]
[SourceQuality "1"]

1. e4 c5 2. c3 d5 3. exd5 Qxd5 4. d4 g6 5. Nf3 Bg7 6. Na3 cxd4 7. Bc4 Qe4+ 8. Be3 Nh6 9. Nb5 0-0 10. cxd4 Nc6 11. h3 Nf5 12. Qe2 Nh4 13. Nxh4 Qxh4 14. Rd1 Bf5 15. 0-0 a6 16. Nc7 Rad8 17. d5 Nd4 18. Qd2 Nf3+ 19. gxf3 Qxc4 20. Rc1 Qh4 21. Bg5 Qxh3 22. Bxe7 Be5 23. f4 Qg4+ 24. Kh1 Qf3+ 0-1

[Event "Ghent Taminco op 39th"]
[Site "Ghent"]
[Date "2016.07.17"]
[Round "3"]
[White "Vandelacluze, Ian"]
[Black "Froeyman, Helmut"]
[Result "1/2-1/2"]
[WhiteElo "2105"]
[BlackElo "2277"]
[PlyCount "108"]
[EventDate "2016.07.16"]
[EventType "swiss"]
[EventRounds "9"]
[EventCountry "BEL"]
[SourceTitle "CBM 173 Extra"]
[Source "ChessBase"]
[SourceDate "2016.08.29"]
[SourceVersion "1"]
[SourceVersionDate "2016.08.29"]
[SourceQuality "1"]

1. e4 e5 2. Nf3 Nc6 3. Bb5 a6 4. Bxc6 dxc6 5. 0-0 f6 6. d4 exd4 7. Nxd4 c5 8. Ne2 Qxd1 9. Rxd1 Bd7 10. Nbc3 0-0-0 11. Be3 Re8 12. Rd2 Bc6 13. Rad1 b6 14. a4 Ne7 15. a5 Kb7 16. Ng3 h5 17. Rd8 h4 18. Nge2 Ng6 19. axb6 cxb6 20. Rxe8 Bxe8 21. Nf4 Nxf4 22. Bxf4 Be7 23. Bd6 Bxd6 24. Rxd6 Bc6 25. Nd5 Re8 26. f3 b5 27. Kf2 a5 28. c3 a4 29. Nf4 Kc7 30. Re6 Rd8 31. Re7+ Kb6 32. Ke3 b4 33. cxb4 cxb4 34. Nd3 a3 35. bxa3 bxa3 36. Nb4 Bb5 37. Rxg7 Bc4 38. Kf4 Kc5 39. Nc2 a2 40. Ra7 Rd2 41. Ne3 Bb3 42. h3 Kd4 43. Nd5 Rxg2 44. Nb4 Kc3 45. Nxa2+ Bxa2 46. Rh7 Be6 47. Rxh4 Rg6 48. Rh8 Kd4 49. Rd8+ Kc5 50. h4 Rh6 51. Kg3 Rg6+ 52. Kf2 Rh6 53. Kg3 Rg6+ 54. Kf2 Rh6 1/2-1/2

[Event "Ghent Taminco op 39th"]
[Site "Ghent"]
[Date "2016.07.17"]
[Round "4"]
[White "Vandelacluze, Ian"]
[Black "Venkatesh, Marani Rajendran"]
[Result "0-1"]
[WhiteElo "2105"]
[BlackElo "2445"]
[PlyCount "72"]
[EventDate "2016.07.16"]
[EventType "swiss"]
[EventRounds "9"]
[EventCountry "BEL"]
[SourceTitle "CBM 173 Extra"]
[Source "ChessBase"]
[SourceDate "2016.08.29"]
[SourceVersion "1"]
[SourceVersionDate "2016.08.29"]
[SourceQuality "1"]

1. d4 Nf6 2. Nf3 g6 3. Bf4 Bg7 4. e3 c5 5. c3 b6 6. Nbd2 Bb7 7. Bd3 0-0 8. h3 d6 9. 0-0 Nbd7 10. Bh2 Qc7 11. e4 e5 12. d5 Nh5 13. g3 Bh6 14. c4 Rae8 15. Ne1 Ng7 16. Nc2 f5 17. f3 Bc8 18. Kg2 Qd8 19. Nb3 Nf6 20. Qe2 Qd7 21. g4 Bg5 22. Bg3 h5 23. h4 Bf4 24. gxf5 gxf5 25. Rh1 Kh8 26. Rag1 fxe4 27. Bxe4 Nf5 28. Bf2 Nd4 29. Qd3 Nxe4 30. fxe4 Qf7 31. Ne3 Nf3 32. Rb1 Nh2 33. Nf5 Bxf5 34. exf5 Rg8+ 35. Kh3 e4 36. Bd4+ Kh7 0-1

[Event "BEL-ch U18/20"]
[Site "Bruges"]
[Date "2012.04.14"]
[Round "9"]
[White "Van den Heede, Dorian"]
[Black "Vandelacluze, Ian"]
[Result "1-0"]
[WhiteElo "1933"]
[BlackElo "1978"]
[PlyCount "69"]
[EventDate "2012.04.08"]
[EventType "swiss"]
[EventRounds "9"]
[EventCountry "BEL"]
[SourceTitle "CBM 147 Extra"]
[Source "ChessBase"]
[SourceDate "2012.04.24"]
[SourceVersion "1"]
[SourceVersionDate "2012.04.24"]
[SourceQuality "1"]

1. e4 e5 2. Nc3 Nf6 3. Bc4 c6 4. d4 b5 5. dxe5 bxc4 6. exf6 Qxf6 7. Nf3 d6 8. Qd4 Qxd4 9. Nxd4 Be7 10. Bf4 0-0 11. 0-0-0 Rd8 12. Rd2 g5 13. Bg3 g4 14. Bf4 f6 15. Rhd1 Kf7 16. Nde2 Ke6 17. Ng3 Bf8 18. Nf5 d5 19. Nd4+ Kf7 20. Bxb8 Rxb8 21. Nxc6 Rd6 22. Nxb8 Bh6 23. exd5 Bb7 24. Kb1 Bxd2 25. Rxd2 Rd8 26. Nc6 Re8 27. Kc1 h5 28. Nxa7 h4 29. Nab5 Re1+ 30. Rd1 Rxd1+ 31. Kxd1 Ke7 32. Ke2 f5 33. Ke3 Kf6 34. g3 Ke5 35. d6 1-0

[Event "BEL-ch U16"]
[Site "Houffalize"]
[Date "2011.04.22"]
[Round "8"]
[White "Real, Thibault"]
[Black "Vandelacluze, Ian"]
[Result "1-0"]
[WhiteElo "1974"]
[BlackElo "1980"]
[PlyCount "52"]
[EventDate "2011.04.17"]
[EventType "swiss"]
[EventRounds "9"]
[EventCountry "BEL"]
[SourceTitle "EXT 2012"]
[Source "ChessBase"]
[SourceDate "2011.11.24"]
[SourceVersion "1"]
[SourceVersionDate "2011.11.24"]
[SourceQuality "1"]

1. e4 e5 2. Bc4 Nf6 3. d3 Nc6 4. Nc3 Bb4 5. Bg5 h6 6. Bh4 0-0 7. Nge2 d6 8. 0-0 Be6 9. Nd5 Bxd5 10. exd5 Na5 11. a3 Nxc4 12. axb4 Nb6 13. c4 g5 14. Bg3 Nh5 15. Nc3 Nf4 16. Bxf4 exf4 17. Qg4 a6 18. Qf5 Nc8 19. Ne4 Kg7 20. Rfe1 f6 21. c5 Ne7 22. Qe6 Ng6 23. cxd6 cxd6 24. Nxd6 Ne5 25. Nf5+ Kg6 26. Rxe5 Rh8 1-0

[Event "BEL-chT 0910"]
[Site "Belgium"]
[Date "2009.11.29"]
[Round "5"]
[White "Memeti, Kastriot"]
[Black "Vandelacluze, Ian"]
[Result "1-0"]
[WhiteElo "2193"]
[BlackElo "1978"]
[PlyCount "37"]
[EventDate "2009.09.27"]
[EventType "team-tourn"]
[EventRounds "11"]
[EventCountry "BEL"]
[SourceTitle "EXT 2011"]
[Source "ChessBase"]
[SourceDate "2010.11.26"]
[SourceVersion "1"]
[SourceVersionDate "2010.11.26"]
[SourceQuality "1"]
[WhiteTeam "Amay"]
[BlackTeam "Aalter"]
[WhiteTeamCountry "BEL"]
[BlackTeamCountry "BEL"]

1. d4 d5 2. Bf4 Nf6 3. e3 e6 4. Nd2 c5 5. c3 Nc6 6. Ngf3 Be7 7. Bd3 0-0 8. Ne5 Bd7 9. Qf3 Ne8 10. Qh3 f5 11. g4 cxd4 12. exd4 Nd6 13. gxf5 exf5 14. Rg1 Ne4 15. Bh6 Bf6 16. Nxe4 dxe4 17. Bc4+ Kh8 18. Bxg7+ Bxg7 19. Ng6# 1-0

[Event "BEL-chT 0910"]
[Site "Belgium"]
[Date "2009.11.08"]
[Round "3"]
[White "Braun, Christian1111"]
[Black "Vandelacluze, Ian"]
[Result "1-0"]
[WhiteElo "2345"]
[BlackElo "1978"]
[PlyCount "69"]
[EventDate "2009.09.27"]
[EventType "team-tourn"]
[EventRounds "11"]
[EventCountry "BEL"]
[SourceTitle "EXT 2011"]
[Source "ChessBase"]
[SourceDate "2010.11.26"]
[SourceVersion "1"]
[SourceVersionDate "2010.11.26"]
[SourceQuality "1"]
[WhiteTeam "KSK47 Eynatten"]
[BlackTeam "Aalter"]
[WhiteTeamCountry "BEL"]
[BlackTeamCountry "BEL"]

1. e4 e5 2. Nf3 Nf6 3. d3 Nc6 4. c3 d5 5. Nbd2 Be7 6. Be2 0-0 7. 0-0 Bg4 8. h3 Bxf3 9. Bxf3 d4 10. Be2 Nd7 11. Nf3 Nb6 12. Qb3 a5 13. a4 Qd6 14. g3 Bf6 15. Kg2 Nd7 16. Nh2 Nc5 17. Qc4 Rad8 18. b4 Nd7 19. b5 Ne7 20. Ba3 Qb6 21. cxd4 Rfe8 22. d5 Ng6 23. Rfc1 Rc8 24. Bg4 Ngf8 25. Bxf8 Nxf8 26. Bxc8 Rxc8 27. Qc5 Qxc5 28. Rxc5 Nd7 29. Rc2 Be7 30. Rac1 Bd6 31. Ng4 Kf8 32. d4 Ke7 33. dxe5 Nxe5 34. Nxe5 Bxe5 35. f4 1-0

[Event "Ghent Taminco op 32nd"]
[Site "Ghent"]
[Date "2009.07.18"]
[Round "2"]
[White "Maes, Wim"]
[Black "Vandelacluze, Ian"]
[Result "1-0"]
[WhiteElo "2304"]
[BlackElo "1978"]
[PlyCount "71"]
[EventDate "2009.07.18"]
[EventType "swiss"]
[EventRounds "9"]
[EventCountry "BEL"]
[SourceTitle "CBM 131 Extra"]
[Source "ChessBase"]
[SourceDate "2009.09.03"]
[SourceVersion "2"]
[SourceVersionDate "2009.09.16"]
[SourceQuality "1"]

1. e4 e5 2. f4 exf4 3. Bc4 Nf6 4. Nc3 c6 5. Bb3 d5 6. exd5 cxd5 7. d4 Bd6 8. Nf3 0-0 9. 0-0 Be6 10. Ng5 Nfd7 11. Qh5 h6 12. Nxe6 fxe6 13. Nxd5 Nf6 14. Nxf6+ Qxf6 15. c3 Nc6 16. Bd2 Kh8 17. Rae1 e5 18. Bxf4 exd4 19. Bd2 Bxh2+ 20. Kxh2 Qd6+ 21. Kh1 Rxf1+ 22. Rxf1 Rf8 23. Rxf8+ Qxf8 24. Qf7 Qd8 25. Bg5 Qc8 26. cxd4 Nxd4 27. Bxh6 gxh6 28. Qf6+ Kh7 29. Qxd4 Qc1+ 30. Kh2 Qc7+ 31. g3 Qe7 32. Bd5 Qe2+ 33. Bg2 Qh5+ 34. Qh4 Qb5 35. Qe4+ Kh8 36. Qd4+ 1-0

[Event "BEL-ch U14"]
[Site "Houffalize"]
[Date "2009.04.18"]
[Round "8"]
[White "Verhelst, Joris"]
[Black "Vandelacluze, Ian"]
[Result "1/2-1/2"]
[WhiteElo "1815"]
[BlackElo "1978"]
[PlyCount "70"]
[EventDate "2009.04.13"]
[EventType "swiss"]
[EventRounds "9"]
[EventCountry "BEL"]
[SourceTitle "EXT 2012"]
[Source "ChessBase"]
[SourceDate "2011.11.24"]
[SourceVersion "1"]
[SourceVersionDate "2011.11.24"]
[SourceQuality "1"]

1. c4 e5 2. e3 Nf6 3. d4 exd4 4. exd4 d5 5. Be3 Bb4+ 6. Nc3 0-0 7. Nf3 Re8 8. Be2 dxc4 9. Bxc4 Be6 10. Qb3 Bxc3+ 11. bxc3 Bxc4 12. Qxc4 Nbd7 13. 0-0 Nb6 14. Qb3 Qd5 15. Rfe1 c6 16. Rac1 Qxb3 17. axb3 Nbd5 18. Kf1 Nxe3+ 19. Rxe3 Rxe3 20. fxe3 Re8 21. Re1 Nd5 22. c4 Nxe3+ 23. Kg1 f6 24. h3 Kf7 25. Kf2 Nf5 26. Ra1 a6 27. Rd1 Ke6 28. d5+ Kd7 29. g4 Nd6 30. dxc6+ Kxc6 31. Rd5 Ne4+ 32. Kg2 Nc3 33. Rd3 Ne2 34. Rd2 Nf4+ 35. Kg3 Ne2+ 1/2-1/2

[Event "BEL-ch U14"]
[Site "Houffalize"]
[Date "2009.04.15"]
[Round "4"]
[White "Lagaert, Lisa"]
[Black "Vandelacluze, Ian"]
[Result "1/2-1/2"]
[WhiteElo "1612"]
[BlackElo "1978"]
[PlyCount "66"]
[EventDate "2009.04.13"]
[EventType "swiss"]
[EventRounds "9"]
[EventCountry "BEL"]
[SourceTitle "EXT 2012"]
[Source "ChessBase"]
[SourceDate "2011.11.24"]
[SourceVersion "1"]
[SourceVersionDate "2011.11.24"]
[SourceQuality "1"]

1. d4 d5 2. Nf3 Nf6 3. e3 c5 4. c3 e6 5. Bd3 Nc6 6. Nbd2 Be7 7. Qe2 0-0 8. dxc5 Bxc5 9. e4 e5 10. exd5 Nxd5 11. Ne4 Bb6 12. Bc4 Be6 13. 0-0 Qc7 14. a3 Rfd8 15. Bxd5 Bxd5 16. c4 Nd4 17. Nxd4 Bxc4 18. Qg4 Rxd4 19. Re1 Qc6 20. Kh1 Qg6 21. Qxg6 hxg6 22. Ng3 Rd7 23. Be3 Bxe3 24. Rxe3 f6 25. Rc1 Rad8 26. Ree1 Bb3 27. h3 Rd2 28. Rc7 Rxf2 29. Ne4 Rxb2 30. Rxb7 a5 31. Nc5 Rdd2 32. Rxb3 Rxb3 33. Nxb3 Rd3 1/2-1/2

[Event "BEL-ch U14"]
[Site "Houffalize"]
[Date "2009.04.13"]
[Round "1"]
[White "Vandelacluze, Ian"]
[Black "Vroman, Robin"]
[Result "1-0"]
[WhiteElo "1978"]
[BlackElo "1319"]
[PlyCount "57"]
[EventDate "2009.04.13"]
[EventType "swiss"]
[EventRounds "9"]
[EventCountry "BEL"]
[SourceTitle "EXT 2012"]
[Source "ChessBase"]
[SourceDate "2011.11.24"]
[SourceVersion "1"]
[SourceVersionDate "2011.11.24"]
[SourceQuality "1"]

1. e4 e6 2. d4 d5 3. Nc3 Bb4 4. e5 c5 5. a3 Bxc3+ 6. bxc3 Qc7 7. Qg4 Ne7 8. Qxg7 Rg8 9. Qxh7 cxd4 10. Ne2 Nbc6 11. f4 Bd7 12. Qd3 dxc3 13. Nxc3 a6 14. Rb1 Rc8 15. Bd2 Nf5 16. g4 Nh4 17. Be2 Ne7 18. Qg3 Nhf5 19. Qf2 Nh6 20. h3 b5 21. Qh4 d4 22. Ne4 Qxc2 23. Nf6+ Kd8 24. Ba5+ Rc7 25. Bxc7+ Kxc7 26. Kf2 Bc6 27. Nxg8 Nhxg8 28. Rhc1 Qe4 29. Qg3 1-0